00549nam a22001697a 4500003000900000005001700009007000300026008004100029020001800070040002600088082001400114100004000128245010600168260005300274300002300327504002900350DO-SdBNP20211215134006.0ta211102b2019 dr ||||| |||| 00| 0 spa d a9789945920444 aDO-SdBNPbspacBNPHU  4222bR618f1 aRivas Pérez, Idalsinaris, d1943-10aLa familia de Dios :btodas las familias de la tierra seran benditas /cIdalsinaris Rivas de Pérez. aSanto Domingo : bPublicaciones Libertad,c2019. a168 p. ; c21 cm.  aBibliografía : p. 167